Online
Catalog

Los orígenes de la revolución china : (Record no. 24670)

MARC details
000 -CABECERA
campo de control de longitud fija 00917nam a2200253 a 4500
001 - NÚMERO DE CONTROL
campo de control 000025177
005 - FECHA Y HORA DE LA ÚLTIMA TRANSACCIÓN
campo de control 20200930023617.0
008 - DATOS DE LONGITUD FIJA--INFORMACIÓN GENERAL
campo de control de longitud fija 110208s1967 ve b r 000 |aspa d
040 ## - FUENTE DE LA CATALOGACIÓN
Centro catalogador/agencia de origen DO-SdBNP
Lengua de catalogación spa
Centro/agencia transcriptor BNPHU
041 ## - CÓDIGO DE LENGUA
Código de lengua del texto/banda sonora o título independiente fre
Código de lengua original spa
Fuente del código Código de idioma MARC
082 ## - NÚMERO DE LA CLASIFICACIÓN DECIMAL DEWEY
Número de clasificación xxx
Número de documento/Ítem B578ó
049 ## - FONDOS LOCALES (OCLC)
Fondos de biblioteca BNGR
100 1# - ENTRADA PRINCIPAL--NOMBRE DE PERSONA
Nombre de persona Bianco, Lucien
9 (RLIN) 51656
240 #0 - TÍTULO UNIFORME
Título uniforme Les origines de la révolution chinoise ..
Lenguaje de la obra Español
245 14 - MENCIÓN DE TÍTULO
Título Los orígenes de la revolución china :
Resto del título 1915-1949 /
Mención de responsabilidad, etc. Lucien Bianco ; traducción Martín Sagrera.
260 ## - PUBLICACIÓN, DISTRIBUCIÓN, ETC.
Lugar de publicación, distribución, etc. Caracas :
Nombre del editor, distribuidor, etc. Tiempo Nuevo,
Fecha de publicación, distribución, etc. 1967.
300 ## - DESCRIPCIÓN FÍSICA
Extensión 313 p. :
Otras características físicas maps ;
Dimensiones 18 cm.
490 ## - MENCIÓN DE SERIE
Mención de serie Libros de Bolsillo de Tiempo Nuevo
Designación de volumen o secuencia 4
504 ## - NOTA DE BIBLIOGRAFÍA, ETC.
Nota de bibliografía, etc. Bibliografía : p. 303-313
500 ## - NOTA GENERAL
Nota general Incluye notas
534 ## - NOTA SOBRE LA VERSIÓN ORIGINAL
Encabezamiento principal del original Título original :
Mención de título del original Les origines de la révolution chinoise .
700 1# - PUNTO DE ACCESO ADICIONAL--NOMBRE DE PERSONA
Nombre de persona Sagrera, Martín
Término indicativo de función/relación tr.
9 (RLIN) 20801
830 #0 - PUNTO DE ACCESO ADICIONAL DE SERIE-TÍTULO UNIFORME
Título uniforme Libros de Bolsillo de Tiempo Nuevo ,
Designación de volumen o secuencia 4
9 (RLIN) 4730
Holdings
Estado de retiro Estado de pérdida Restricciones de uso No para préstamo Código de colección Localización permanente Ubicación/localización actual Ubicación en estantería Fecha de adquisición Número de inventario Total de préstamos Signatura topográfica completa Código de barras Fecha visto por última vez Precio válido a partir de Tipo de ítem Koha
      Excluido de préstamo Monografías: Libros y Folletos General General En catalogación 10.02.2011 LF1   xxx B578ó 25177-10 25.06.2020 25.06.2020 No se presta

Powered by Koha